000
00251nam a2200109Ia 4500
008
200302s9999 xx 000 0 und d
100
_a
Don Martindale & Other
245
_a
City Max Weber
260
_b
Collier Books
260
_c
1962
300
_a
256 P.,
999
_c
5648
_d
5648